Outsourcing a jeho využívanie v podnikovej praxi diplomová práca

Saved in:
Bibliographic Details
Main Author: Škriniarová, Katarína
Corporate Author: Fakulta podnikového manažmentu EU. Katedra manažmentu
Other Authors: Hudáková, Ivana, 1976-
Format: Book
Language:Slovak
Published: Bratislava 2010
Tags: Add Tag
No Tags, Be the first to tag this record!

MARC

LEADER 00000nam a2200000 4500
001 0119983
005 20240318123024.9
041 0 |a slo 
044 |a SK 
245 1 0 |a Outsourcing a jeho využívanie v podnikovej praxi  |b diplomová práca  |c Katarína Škriniarová ; škol. Ivana Hudáková 
264 1 |a Bratislava  |c 2010 
300 |a 76 s. 
100 1 |a Škriniarová, Katarína 
700 1 |a Hudáková, Ivana, 1976- 
710 2 |a Fakulta podnikového manažmentu EU. Katedra manažmentu